• 首页
  • 本馆介绍
  • 公告通知
  • 最新文献
  • 馆藏检索
  • 电子资源
  • 读者导购
  • 参考咨询
  • 我的图书馆
  • 登录
  • 详细信息显示
  • 放入我的书架
  • 预约/预借图书
  • 作者相关作品
  • 分类相关作品
  • 丛书相关作品
  • 出版社相关作品

书目信息

  • 表格格式
  • 工作单格式
  • 卡片格式
题名:
使一分钟经理奏效
    
 
作者: 布兰查德 , Blanchard , 洛伯 著 ;王勇 , 王兴平 译
分册:  
出版信息: 北京   电子工业出版社  1985
页数: 79页
开本: 19cm
丛书名:
单 册:
中图分类: F272.91 , C93
科图分类:
主题词: 企业管理-领导学 , 领导学-企业管理 , 管理学
电子资源:
ISBN:
000 00853nam0 2200301 450
001 1541954275
005 20150126113938.95
010    @dCNY0.65
091    @a17290.188
100    @a19900816d1985 em y0chiy0110 ea
101 1  @achi@ceng
102    @aCN@b110000
105    @ay z 000yy
200 1  @a使一分钟经理奏效@9shi yi fen zhong jing li zou xiao@f(美)布兰查德(Blanchard,K),(美)洛伯著@g王勇, 王兴平译
210    @a北京@c电子工业出版社@d1985
215    @a79页@d19cm
606 0  @a企业管理-领导学
606 0  @a领导学-企业管理
606 0  @a管理学
690    @aF272.91@v5
690    @aC93@v4
701  1 @a布兰查德@9bu lan cha de@bK.@4著
701  1 @aBlanchard@bK.@4著
701  1 @a洛伯@9luo bo@4著
702  0 @a王勇@9wang yong@4译
702  0 @a王兴平@9wang xing ping@4译
801  0 @aCN@bTSSF@c20150126
905    @aZUCC@dC93@eJY5
    
    使一分钟经理奏效/(美)布兰查德(Blanchard,K),(美)洛伯著/王勇, 王兴平译.-北京:电子工业出版社,1985
    79页;19cm
    
    
    ISBN :CNY0.65
    
●
相关链接 在E读中查询图书 在五车中查询图书 在当当中查询图书 在豆瓣中查询图书


正题名:使一分钟经理奏效     索取号:C93/JY5         预约/预借

序号 登录号 条形码 馆藏地/架位号 状态 备注
1 7859850   278598509   学院路分馆/ [索取号:C93/JY5] 在馆    
2 7859851   278598518   学院路分馆/ [索取号:C93/JY5] 在馆    
唐山师范学院图书馆 欢迎您!
大连网信软件有限公司© 版权所有